Partits polítics al Parlament de Catalunya - Statistics

General Stats
  • This quiz has been taken 175 times
  • The average score is 12 of 20
Answer Stats
Partit % Correct
PPC (Partit Popular de Catalunya)
99%
JuntsxCAT (Junts per Catalunya - Junts - Junts+)
96%
ERC (Esquerra Republicana de Catalunya)
95%
PSC (Partit Socialista de Catalunya)
95%
VOX
92%
CUP (Candidatura d'Unitat Popular)
90%
AC (Aliança Catalana)
89%
CiU (Convergència i Unió)
86%
C's (Ciutadans)
73%
Comuns Sumar
71%
CECP (Catalunya en Comú - Podem- En Comú Podem - Comuns)
53%
SI (Solidaritat per la Independència)
41%
CC-UCD (Centristes de Catalunya - Unió de Centre Democràtic)
38%
ICV (Iniciativa per Catalunya Verds)
38%
JxSí (Junts pel Sí)
32%
PSUC (Partit Socialista Unificat de Catalunya)
32%
AP (Aliança Popular)
30%
CSQP (Catalunya Sí que es Pot)
6%
CDS (Centre Democràtic i Social)
5%
PA (Partit Andalusista)
1%
No matching quizzes found
Score Distribution
Percent of People with Each Score
Percentile by Number Answered
Your Score History
You have not taken this quiz